000 00251nam a22001217a 4500
008 170202b xxu||||| |||| 00| 0 eng d
041 _aeng
080 _a618.2
100 _a2
101 _aINF
245 _aNDIHMA E PARE
_cFAJGEL, I
942 _2udc
_cBK
999 _c4253
_d4253